Satisfaction visuelle - Pour en voir de toutes les couleurs #2 - Statistiques

Statistiques générales
  • Ce quiz a été pris 1 745 fois
  • Le résultat moyen est 17 sur 30
Réponses sur la Carte
Les réponses sont colorées sur une échelle allant du rouge au vert en fonction du pourcentage des utilisateurs qui les ont devinées à leur premier essai. Vous pouvez retrouver ces pourcentages ci-dessous.
 
Statistiques - réponses
Réponse % Correct
72%
70%
70%
68%
67%
67%
67%
67%
64%
62%
61%
60%
59%
58%
57%
57%
56%
54%
53%
51%
51%
51%
51%
50%
49%
48%
47%
44%
43%
41%
Aucun quiz correspondant
Distribution des résultats
% des personnes avec chaque résultat
Percentile par nombre de réponses
Votre historique - résultats
Vous n’avez pas pris ce quiz